[Event "GRE-ch U16"]
[Site "Greece"]
[Date "2014.07.08"]
[Round "7"]
[White "Serpetsidaki, Eva"]
[Black "Thomadakis, Rafail"]
[Result "1-0"]
[WhiteElo "1537"]
[BlackElo "1266"]
[PlyCount "57"]
[EventDate "2014.07.04"]
[EventType "swiss"]
[EventRounds "9"]
[EventCountry "GRE"]
[SourceTitle "EXT 2017"]
[Source "ChessBase"]
[SourceDate "2016.10.25"]
[SourceVersion "1"]
[SourceVersionDate "2016.10.25"]
[SourceQuality "1"]

1. e4 c5 2. Nf3 d6 3. Bb5+ Nd7 4. 0-0 a6 5. Bd3 Ngf6 6. c3 e6 7. Re1 b5 8. Bc2 Be7 9. d4 cxd4 10. cxd4 0-0 11. Nc3 Bb7 12. Bf4 Nh5 13. Bd2 Nhf6 14. Bd3 Rc8 15. e5 dxe5 16. dxe5 Nd5 17. Ne4 Nc5 18. Nxc5 Bxc5 19. Ng5 h6 20. Ne4 Be7 21. Qg4 Kh8 22. Rad1 Qb6 23. Qh5 f5 24. exf6 Nxf6 25. Nxf6 Rxf6 26. Be3 Bc5 27. Rc1 e5 28. Bxc5 Rxc5 29. Qe8+ 1-0

[Event "GRE-ch U16"]
[Site "Greece"]
[Date "2014.07.07"]
[Round "5"]
[White "Thomadakis, Rafail"]
[Black "Kakoulidis, Vasilios"]
[Result "0-1"]
[WhiteElo "1266"]
[BlackElo "1372"]
[PlyCount "45"]
[EventDate "2014.07.04"]
[EventType "swiss"]
[EventRounds "9"]
[EventCountry "GRE"]
[SourceTitle "EXT 2017"]
[Source "ChessBase"]
[SourceDate "2016.10.25"]
[SourceVersion "1"]
[SourceVersionDate "2016.10.25"]
[SourceQuality "1"]

1. c4 e5 2. g3 Bc5 3. Bg2 Nf6 4. d3 d6 5. Nc3 a5 6. Nf3 0-0 7. 0-0 Re8 8. Qc2 Bf5 9. Nh4 Bc8 10. Bd2 Nc6 11. Rab1 Nd4 12. Qd1 c6 13. Nf3 Nxf3+ 14. Bxf3 Bh3 15. Re1 Ng4 16. Ne4 Ba7 17. Ng5 Nxf2 18. Qc2 Ne4+ 19. e3 Nxg5 20. Bd1 Qf6 21. Qb3 Nf3+ 22. Bxf3 Qxf3 23. Qc2 0-1

[Event "GRE-ch U18"]
[Site "Chania"]
[Date "2013.01.06"]
[Round "7.12"]
[White "Petrakis, Stylianos"]
[Black "Thomadakis, Rafail"]
[Result "1-0"]
[WhiteElo "1553"]
[BlackElo "1333"]
[PlyCount "151"]
[EventDate "2013.01.02"]
[EventType "swiss"]
[EventRounds "9"]
[EventCountry "GRE"]
[SourceTitle "EXT 2024"]
[Source "ChessBase"]
[SourceDate "2023.10.10"]
[SourceVersion "1"]
[SourceVersionDate "2023.10.10"]
[SourceQuality "1"]

1. e4 c5 2. Nf3 Nc6 3. d4 d6 4. Nc3 Bg4 5. dxc5 dxc5 6. Qxd8+ Rxd8 7. Be2 Nf6 8. Be3 e6 9. 0-0 Be7 10. Rad1 0-0 11. h3 Bh5 12. Rfe1 Bg6 13. Bd3 a6 14. a3 b5 15. Nh4 Bh5 16. Nf3 c4 17. Be2 Bg6 18. Rxd8 Rxd8 19. Nd2 Nd4 20. Bxd4 Rxd4 21. Nf3 Rd8 22. Bf1 h6 23. Ne5 Rd2 24. Nxg6 fxg6 25. Re2 Rd4 26. g3 b4 27. axb4 Bxb4 28. Re3 Nd7 29. Nb1 Bc5 30. Re1 Nf6 31. e5 Nd7 32. c3 Rd5 33. Bxc4 Rxe5 34. Bxe6+ Kf8 35. Rxe5 Nxe5 36. b4 Bb6 37. Kf1 Ke7 38. Bd5 Kd6 39. Be4 g5 40. Nd2 a5 41. f4 gxf4 42. gxf4 Nf7 43. bxa5 Bc7 44. Nc4+ Kc5 45. a6 Bb8 46. Ne5 Nxe5 47. fxe5 Kb6 48. e6 Bd6 49. Bb7 Be7 50. Ke2 Bf6 51. c4 Be7 52. Kf3 g6 53. Kf4 Bd6+ 54. Kg4 Be7 55. h4 h5+ 56. Kh3 Ka7 57. Kg3 Bd6+ 58. Kf3 Kb6 59. Ke3 Be7 60. Kf4 Bxh4 61. c5+ Kc7 62. c6 g5+ 63. Kf3 g4+ 64. Kg2 Kb8 65. Bc8 Bd8 66. c7+ Bxc7 67. e7 Kxc8 68. e8Q+ Bd8 69. Qc6+ Bc7 70. a7 Kd8 71. a8Q+ Ke7 72. Qxc7+ Kf6 73. Qc5 g3 74. Qa6+ Kg7 75. Qc7+ Kh8 76. Qac8# 1-0